LEADER 01124nam a2200265 4500 001 000000355979 003 CaOOAMICUS 005 20231115121645.0 008 231027s2000 it 000 u ita r 020 $a88-315-1930-1 040 $aSeMil$bita 100 1 $aGrasso, Santi,$d<1961- >.$0(OLS)http://semarc/name/328 245 10$aMatteo :$bil Vangelo narrato /$cSanti Grasso. 264 1$aMilano :$bPaoline,$c2000. 300 $a245 p. ;$c21 cm 490 1 $aCammini nello Spirito ;$v41 650 4$aBibbia. Nuovo Testamento. Vangelo secondo Matteo - Commentari, studi, critica, interpretazioni.$0(OLS)http://semarc/subject/32 830 0$aCammini nello Spirito ;$v41.$0(OLS)http://semarc/title/446197 850 $aSeMil 852 $aSeMil$W1$xVenegono$y1$m2V III 14$j244721$B247158$CSeMilBibl$Z2$F247158 $81 961 $aGallivanone don Franco - Omaggio 996 $6020$a88-315-1930-1$9(OLS)http://semarc/number/299200 996 $6245$aMatteo :$bil Vangelo narrato$9(OLS)http://semarc/title/446195 996 $6264$aMilano :$bPaoline$9(OLS)http://semarc/publisher/29684 LEADER 01317nam a2200265 4500 001 000000347296 003 CaOOAMICUS 005 20210813140327.0 008 210813s1999 xxua 000 u eng r 020 $a0-679-44675-3 040 $aSeMil$bita 100 1 $aFredriksen, Paula,$d<1951- >.$0(OLS)http://semarc/name/114178 245 10$aJesus of Nazareth, King of the Jews :$ba Jewish life and the emergence of christianity /$cPaula Fredriksen. 264 1$aNew York :$bA. A. Knopf,$c1999. 300 $aXXI, 327 p. :$bill. ;$c25 cm 650 4$aBibbia - NT - Giovanni - Storiografia.$0(OLS)http://semarc/subject/50819 650 4$aBibbia. Nuovo Testamento. Vangelo secondo Giovanni - Gesł Cristo.$0(OLS)http://semarc/subject/9428 650 4$aGesł Cristo - Persona.$0(OLS)http://semarc/subject/8952 650 4$aGesł Cristo - Gesł storico.$0(OLS)http://semarc/subject/742 850 $aSeMil 852 $aSeMil$W1$xVenegono$y1$m2Y VI 10$j227886$B238363$CSeMilBibl$Z2$F238363 $81 996 $6020$a0-679-44675-3$9(OLS)http://semarc/number/293835 996 $6245$aJesus of Nazareth, King of the Jews :$ba Jewish life and the emergence of christianity$9(OLS)http://semarc/title/436565 996 $6264$aNew York :$bA. A. Knopf$9(OLS)http://semarc/publisher/60029